000 00783cab a22002055a 4500
001 L138310
008 070529e20070519xxka f 000 0 eng d
035 _a(Sirsi) u138310
041 0 _aeng
100 1 _aMetcalfe, Christian
245 0 0 _aPlanes, pains and automobiles
260 _c2007
490 0 _aEstates Gazette
_v(720) 19 May 2007, 66-68(3)
520 _aDiscusses "Malmesbury v Strutt and Parker" ([2007] EWHC 999 (QB), L138156) where it was ruled that a surveying firm had been negligent in not obtaining a turnover rent for a plot of land used as an airport carpark.
590 _aKA
650 2 4 _aMALMESBURY V STRUTT AND PARKER
651 4 _aEngland and Wales
_y1543-
690 _aMANAGEMENT-BUSINESS MANAGEMENT-PROFESSIONAL PRACTICE-NEGLIGENCE
942 _n0
999 _c107115
_d107115